000 00838nam a22002652a 4500
001 18649
003 BD-RjUL
005 20211209000320.0
008 140222s1968 njua b 000 0 eng d
035 _a(BD-RjUL)18707
_aOCLC ocm00442056 from D950109M
040 _aDLC
_cDLC
_dEQO
_dBD-RjUL
_beng
041 _aeng
082 0 0 _a797
_bGAA 1968
100 1 _aGabrielsen, M. Alexander.
_950858
245 1 0 _aAquatics handbook /
_cby M. Alexander Gabrielsen, Betty Spears and B. W. Gabrielsen.
250 _a2nd ed.
260 _aEnglewood Cliffs, N.J :
_bPrentice-Hall,
_c1968.
300 _axii, 256 p. :
_billus.
_c29 cm
504 _aBibliography: p. 250-253
650 0 _aAquatic sports
_957441
700 1 _aSpears, Betty Mary.
_957442
700 1 _aGabrielsen, Bramwell W.
_957443
942 _2ddc
_cBK
999 _c18649
_d18649